Alkaloids of Artabotrys pleurocarpus /
محفوظ في:
| المؤلف الرئيسي: | |
|---|---|
| التنسيق: | أطروحة كتاب |
| اللغة: | English |
| منشور في: |
2007.
|
| الموضوعات: | |
| الوسوم: |
إضافة وسم
لا توجد وسوم, كن أول من يضع وسما على هذه التسجيلة!
|
| LEADER | 00765cam a2200241 a 4500 | ||
|---|---|---|---|
| 001 | u749875 | ||
| 003 | SIRSI | ||
| 005 | 200712181511 | ||
| 008 | 071218s2007 my a t 000 0 eng m | ||
| 040 | |a UMM | ||
| 090 | |a QD3 |b UM 2007 Bih | ||
| 100 | 1 | |a Bihud, Vicky. | |
| 245 | 1 | 0 | |a Alkaloids of Artabotrys pleurocarpus / |c Vicky Bihud. |
| 260 | |c 2007. | ||
| 300 | |a xviii, 203 leaves : |b col. ill. ; |c 30 cm. | ||
| 502 | |a Dissertation (M.Sc.) -- Jabatan Kimia, Fakulti Sains, Universiti Malaya, 2007. | ||
| 504 | |a Bibliography: leaves 191-201. | ||
| 596 | |a 1 | ||
| 650 | 0 | |a Annonaceae |x Analysis. | |
| 650 | 0 | |a Alkaloids. | |
| 710 | 2 | |a Universiti Malaya. |b Jabatan Kimia. | |
| 900 | |a SK | ||
| 999 | |a QD3 UM 2007 BIH |w LC |c 1 |i A513149649 |l STACKS |m P01UTAMA |r Y |s N |t TESIS |u 18/12/2007 | ||
